| 000 | 01153naa a2200325 c 4500 | ||
|---|---|---|---|
| 001 | 36769 | ||
| 003 | ES-MaCES | ||
| 005 | 20060630104200.0 | ||
| 008 | 060630n2006 fr t 000 | fre d | ||
| 035 | _aCES20060010393v | ||
| 040 |
_aES-MaCES _bspa _cES-MaCES |
||
| 100 | 1 |
_aAmauger-Lattes, Marie-Cécile _96209 |
|
| 245 | 1 | 3 |
_aLa rupture du contrat des 55-64 ans _b: tendances et ambiguïtés du droit _cMarie-Cécile Amauger-Lattes, Isabelle Desbarats |
| 500 | _aResumen | ||
| 504 | _aBibliografía: p.91 | ||
| 650 | 4 |
_aFrancia _926943 |
|
| 650 | 4 |
_alegislación _927153 |
|
| 650 | 4 |
_ajubilación _928360 |
|
| 650 | 4 |
_asalario _928387 |
|
| 650 | 4 |
_adiscriminación por edad _929857 |
|
| 650 | 4 |
_atrabajador de edad avanzada _928410 |
|
| 650 | 4 |
_aempleo _928299 |
|
| 650 | 4 |
_aterminación de la relación de trabajo _929986 |
|
| 653 | 1 | 0 | _aRelaciones laborales-Empleo |
| 700 | 1 |
_aDesbarats, Isabelle _910585 |
|
| 773 | 0 |
_tTravail et emploi _gnº 106 (avril - juin 2006){10352 R. 064683}; p. 79-91 _w(ES-MaCES)25363 _953387 |
|
| 902 | _aART Artículo de revista | ||
| 942 |
_2CES _cAR _h2.0. |
||
| 999 |
_c36769 _d36769 |
||